[Event "DEN-ch Seniors 65"]
[Site "Logumkloster"]
[Date "2020.02.11"]
[Round "3"]
[White "Markussen, Benno Orvad"]
[Black "Baagoe, Hans Chr"]
[Result "0-1"]
[WhiteElo "1775"]
[BlackElo "1665"]
[PlyCount "170"]
[EventDate "2020.02.09"]
[EventType "swiss"]
[EventRounds "7"]
[EventCountry "DEN"]
[SourceTitle "EXT 2021"]
[Source "ChessBase"]
[SourceDate "2020.10.23"]
[SourceVersion "1"]
[SourceVersionDate "2020.10.23"]
[SourceQuality "1"]

1. c4 g6 2. g3 Bg7 3. Bg2 e6 4. d4 Ne7 5. Nf3 d5 6. 0-0 0-0 7. b3 Nbc6 8. Bb2 b6 9. Re1 Rb8 10. cxd5 Nxd5 11. Nc3 Bb7 12. Nxd5 exd5 13. Rc1 Ne7 14. Rc2 Rc8 15. Qd2 c5 16. Rec1 Nf5 17. e3 cxd4 18. Nxd4 Rxc2 19. Rxc2 Nxd4 20. Bxd4 Bxd4 21. Qxd4 Qb8 22. Bh3 Re8 23. f3 Ba6 24. Kf2 Bc8 25. Bf1 Bf5 26. Rc3 Rc8 27. Ba6 Rxc3 28. Qxc3 h5 29. Kg2 Qd6 30. Bd3 Bxd3 31. Qxd3 Qa3 32. Qd2 Qc5 33. Qb2 Qxe3 34. Qf2 Qc3 35. Qe2 a5 36. f4 Qc6 37. Kf2 Qe6 38. Qd3 Kf8 39. Qc3 Qd6 40. Qc8+ Kg7 41. Qe8 Qc5+ 42. Kf3 Qc3+ 43. Kg2 Qc2+ 44. Kf3 Qd3+ 45. Kf2 Qd2+ 46. Kf3 Qd3+ 47. Kf2 Qe4 48. Qc6 Qd4+ 49. Ke2 Qc5 50. Qe8 d4 51. Qe5+ Kg8 52. Qe8+ Kg7 53. Qe5+ f6 54. Qe4 Qb5+ 55. Qd3 Qd5 56. Kd2 b5 57. Qe2 Kf7 58. h3 a4 59. g4 hxg4 60. hxg4 axb3 61. axb3 Qxb3 62. Qe4 Qe3+ 63. Qxe3 dxe3+ 64. Kxe3 Ke6 65. Kd4 Kd6 66. Ke4 b4 67. Kd4 b3 68. Kc3 Kd5 69. f5 g5 70. Kxb3 Ke4 71. Kc3 Kf4 72. Kd3 Kxg4 73. Ke4 Kh4 74. Kf3 g4+ 75. Kf2 Kg5 76. Kg2 Kxf5 77. Kg3 Kg5 78. Kg2 Kf4 79. Kf2 f5 80. Kg2 Ke3 81. Kg1 Ke2 82. Kg2 f4 83. Kg1 f3 84. Kh1 f2 85. Kh2 f1Q 0-1

[Event "DEN-ch Seniors 65"]
[Site "Logumkloster"]
[Date "2020.02.09"]
[Round "1"]
[White "Markussen, Benno Orvad"]
[Black "Sorensen, Ivan"]
[Result "0-1"]
[WhiteElo "1775"]
[BlackElo "2062"]
[PlyCount "96"]
[EventDate "2020.02.09"]
[EventType "swiss"]
[EventRounds "7"]
[EventCountry "DEN"]
[SourceTitle "EXT 2021"]
[Source "ChessBase"]
[SourceDate "2020.10.23"]
[SourceVersion "1"]
[SourceVersionDate "2020.10.23"]
[SourceQuality "1"]

1. c4 c5 2. g3 g6 3. Bg2 Bg7 4. Nc3 Nc6 5. Nf3 d6 6. 0-0 Nf6 7. d3 0-0 8. Bd2 Bd7 9. Qc1 Re8 10. h3 a6 11. a4 Rb8 12. Rb1 Nd4 13. b4 Nxf3+ 14. exf3 cxb4 15. Rxb4 Bc6 16. Qa3 e6 17. Be3 d5 18. Bb6 Qd7 19. c5 Qe7 20. Ne2 Rbc8 21. d4 Nd7 22. Ra1 e5 23. Rd1 exd4 24. Nxd4 Bxd4 25. Rdxd4 Qe1+ 26. Kh2 Qxf2 27. Rd1 Re2 28. Rg1 Rce8 29. Rbb1 Nxb6 30. cxb6 Ra2 31. Qd6 Rxa4 32. Rbc1 Qxb6 33. f4 Qd8 34. Qc5 Ra2 35. Rc2 Rxc2 36. Qxc2 Qe7 37. g4 Qe2 38. Qxe2 Rxe2 39. Kg3 Re3+ 40. Kf2 Rc3 41. Rd1 Rc5 42. Ke3 Kf8 43. Kd4 Rc4+ 44. Ke5 Ke7 45. g5 Rc5 46. Rd4 Rc2 47. Bxd5 Re2+ 48. Be4 Rxe4+ 0-1

[Event "DEN-ch Seniors"]
[Site "Skorping"]
[Date "2017.04.16"]
[Round "4"]
[White "Markussen, Benno Orvad"]
[Black "Riis, Jens1111"]
[Result "1-0"]
[WhiteElo "1720"]
[BlackElo "1670"]
[PlyCount "47"]
[EventDate "2017.04.13"]
[EventType "swiss"]
[EventRounds "5"]
[EventCountry "DEN"]
[SourceTitle "EXT 2023"]
[Source "ChessBase"]
[SourceDate "2022.10.05"]
[SourceVersion "1"]
[SourceVersionDate "2022.10.05"]
[SourceQuality "1"]

1. c4 c5 2. g3 Nc6 3. Bg2 d6 4. Nc3 e6 5. d3 Be7 6. e4 Nf6 7. Nge2 0-0 8. 0-0 Bd7 9. d4 cxd4 10. Nxd4 a6 11. Nxc6 Bxc6 12. Be3 Qc7 13. b3 Rac8 14. Rc1 Qd7 15. Bb6 Bd8 16. Bxd8 Rfxd8 17. Qe2 Qe8 18. Rfd1 h6 19. Rd2 Qe7 20. Rcd1 Rd7 21. f4 e5 22. Bh3 Rcd8 23. Bxd7 Rxd7 24. f5 1-0